00393nam a2200121Ia 4500003000400000005001700004008004100021040001800062041000800080100004400088245010000132260003900232OSt20260114105552.0211028s2012 xx 000 0 und d cAIMIT LIBRARY aeng aIndhrajith; Kairanna, Sneha S.g1016017 aTo attain and retain the sales of maritz pharmaceutical pvt ltd through chemists in Mangalore / aMangalorebKairanna, Sneha Sc2012